The American Constitution Laws/ (Record no. 612974)
[ view plain ]
| 000 -LEADER | |
|---|---|
| fixed length control field | 00379nam a22001337a 4500 |
| 082 ## - DEWEY DECIMAL CLASSIFICATION NUMBER | |
| Classification number | 342.739 |
| Author Mark | ANW |
| 100 ## - MAIN ENTRY--PERSONAL NAME | |
| Personal name | Anwar Sohail |
| 245 ## - TITLE STATEMENT | |
| Title | The American Constitution Laws/ |
| Statement of responsibility, etc. | Sohail Anwar |
| 250 ## - EDITION STATEMENT | |
| Edition statement | Edition-2021 |
| 260 ## - PUBLICATION, DISTRIBUTION, ETC. | |
| Place of publication, distribution, etc. | Lahore, |
| Name of publisher, distributor, etc. | A1-Sayed Law Book House |
| Date of publication, distribution, etc. | 2021. |
| 300 ## - PHYSICAL DESCRIPTION | |
| Extent | 96,p. |
| Dimensions | 25,cm. |
| 650 ## - SUBJECT ADDED ENTRY--TOPICAL TERM | |
| Topical term or geographic name entry element | The American Constitution Laws |
| 942 ## - ADDED ENTRY ELEMENTS (KOHA) | |
| Source of classification or shelving scheme | |
| Koha item type | Book |
| 650 ## - SUBJECT ADDED ENTRY--TOPICAL TERM | |
| -- | 127981 |
| Withdrawn status | Lost status | Source of classification or shelving scheme | Damaged status | Not for loan | Permanent Location | Current Location | Date acquired | Source of acquisition | Total Checkouts | Full call number | Barcode | Date last seen | Price effective from | Koha item type |
|---|---|---|---|---|---|---|---|---|---|---|---|---|---|---|
| NUST Law School (NLS) | NUST Law School (NLS) | 02/26/2025 | Purchased by Multiline Books | 342.739 ANW | NLS-111 | 02/26/2025 | 02/26/2025 | Book | ||||||
| NUST Law School (NLS) | NUST Law School (NLS) | 02/26/2025 | Purchased by Multiline Books | 342.739 ANW | NLS-112 | 02/26/2025 | 02/26/2025 | Book | ||||||
| NUST Law School (NLS) | NUST Law School (NLS) | 02/26/2025 | Purchased by Multiline Books | 342.739 ANW | NLS-113 | 02/26/2025 | 02/26/2025 | Book | ||||||
| NUST Law School (NLS) | NUST Law School (NLS) | 02/26/2025 | Purchased by Multiline Books | 342.739 ANW | NLS-114 | 02/26/2025 | 02/26/2025 | Book | ||||||
| NUST Law School (NLS) | NUST Law School (NLS) | 06/28/2025 | 342.739 ANW | NLS-2459 | 06/28/2025 | 06/28/2025 | Book | |||||||
| NUST Law School (NLS) | NUST Law School (NLS) | 06/28/2025 | 342.739 ANW | NLS-2460 | 06/28/2025 | 06/28/2025 | Book | |||||||
| NUST Law School (NLS) | NUST Law School (NLS) | 06/28/2025 | 342.739 ANW | NLS-2461 | 06/28/2025 | 06/28/2025 | Book | |||||||
| NUST Law School (NLS) | NUST Law School (NLS) | 06/28/2025 | 342.739 ANW | NLS-2462 | 06/28/2025 | 06/28/2025 | Book |
